The architecture of Rasem Badran : (Record no. 352146)

000 -LEADER
fixed length control field 01048 a2200289 4500
003 - CONTROL NUMBER IDENTIFIER
control field OSt
005 - DATE AND TIME OF LATEST TRANSACTION
control field 20260203103335.0
008 - FIXED-LENGTH DATA ELEMENTS--GENERAL INFORMATION
fixed length control field 120214t xxu||||| |||| 00| 0 eng d
010 ## - LIBRARY OF CONGRESS CONTROL NUMBER
LC control number 2004110958
020 ## - INTERNATIONAL STANDARD BOOK NUMBER
International Standard Book Number 9780500342060
020 ## - INTERNATIONAL STANDARD BOOK NUMBER
International Standard Book Number 0500342067
040 ## - CATALOGING SOURCE
Transcribing agency 0
082 ## - DEWEY DECIMAL CLASSIFICATION NUMBER
Classification number 720.92
100 1# - MAIN ENTRY--PERSONAL NAME
Personal name Steele, James,
9 (RLIN) 31745
245 14 - TITLE STATEMENT
Title The architecture of Rasem Badran :
Remainder of title narratives on people and place /
Statement of responsibility, etc. James Steele.
246 30 - VARYING FORM OF TITLE
Title proper/short title Rasem Badran
260 ## - PUBLICATION, DISTRIBUTION, ETC.
Place of publication, distribution, etc. New York, N.Y. :
Name of publisher, distributor, etc. Thames & Hudson,
Date of publication, distribution, etc. 2005.
300 ## - PHYSICAL DESCRIPTION
Extent 256 p. :
Other physical details ill. (some col.) ;
Dimensions 28 cm.
500 ## - GENERAL NOTE
General note Includes index.
600 10 - SUBJECT ADDED ENTRY--PERSONAL NAME
Personal name Badran, Rasem,
Dates associated with a name 1945-
General subdivision Criticism and interpretation.
9 (RLIN) 31746
650 #0 - SUBJECT ADDED ENTRY--TOPICAL TERM
Topical term or geographic name entry element Architecture
Geographic subdivision Middle East
General subdivision History
Chronological subdivision 20th century.
9 (RLIN) 31747
650 #0 - SUBJECT ADDED ENTRY--TOPICAL TERM
Topical term or geographic name entry element Architecture
Geographic subdivision Middle East
General subdivision History
Chronological subdivision 21st century.
9 (RLIN) 31748
700 1# - ADDED ENTRY--PERSONAL NAME
Personal name Badran, Rasem,
Dates associated with a name 1945-
9 (RLIN) 31749
942 ## - ADDED ENTRY ELEMENTS (KOHA)
Institution code [OBSOLETE] SADA
Koha item type Book
Call number prefix 720.92 STE 2005
Source of classification or shelving scheme
Holdings
Withdrawn status Lost status Source of classification or shelving scheme Damaged status Not for loan Permanent Location Current Location Date acquired Full call number Barcode Date last seen Copy number Cost, replacement price Price effective from Koha item type Total Checkouts Date last checked out
          School of Art Design and Architecture (SADA) School of Art Design and Architecture (SADA) 09/17/2010 720.92 STE 2005 SADA0000131 08/05/2011 01 4851.00 08/05/2011 Book    
          School of Art Design and Architecture (SADA) School of Art Design and Architecture (SADA) 10/01/2010 REF 720.92 STE 2005 SADA0000302 09/16/2015 02 3882.00 08/05/2011 Reference 5 09/15/2015
© 2023 Central Library, National University of Sciences and Technology. All Rights Reserved.